[Event "Montesilvano Easter op"]
[Site "Montesilvano"]
[Date "2025.04.20"]
[Round "4"]
[White "Puglia, Francesco"]
[Black "Di Benedetto, Edoardo"]
[Result "0-1"]
[WhiteElo "1967"]
[BlackElo "2431"]
[PlyCount "36"]
[EventDate "2025.04.18"]
[EventType "tourn"]
[EventRounds "6"]
[EventCountry "ITA"]
[SourceTitle "CB17_2025"]
[SourceDate "2025.04.23"]
[SourceVersion "1"]
[SourceVersionDate "2025.04.23"]
[SourceQuality "1"]

1. e4 e6 2. d4 d5 3. Nc3 Nf6 4. e5 Nfd7 5. Nce2 c5 6. c3 Nc6 7. f4 a5 8. Nf3 a4 9. a3 Nb6 10. dxc5 Bxc5 11. Ned4 Bd7 12. Bd3 Na5 13. Be3 Nbc4 14. Nxe6 Nxe3 15. Nxd8 Nxd1 16. Nxf7 Nxb2 17. Bc2 Kxf7 18. Ng5+ Ke7 0-1

[Event "Titled Tuesday intern op 11th Mar Late"]
[Site "Chess.com INT"]
[Date "2025.03.11"]
[Round "7"]
[White "Di Benedetto, Edoardo"]
[Black "Dudzinski, Piotr"]
[Result "1-0"]
[WhiteElo "2415"]
[BlackElo "2335"]
[PlyCount "97"]
[EventDate "2025.03.11"]
[EventType "swiss (blitz)"]
[EventRounds "11"]
[EventCountry "USA"]
[SourceTitle "CB12_2025"]
[SourceDate "2025.03.19"]
[SourceVersion "1"]
[SourceVersionDate "2025.03.19"]
[SourceQuality "1"]

1. d4 d5 2. c4 e6 3. Nc3 Nf6 4. Nf3 Be7 5. Bf4 0-0 6. e3 a6 7. cxd5 exd5 8. Bd3 c6 9. h3 Be6 10. 0-0 Nbd7 11. Qc2 Re8 12. Ne5 h6 13. Bh2 Nxe5 14. dxe5 Nd7 15. Kh1 Nc5 16. f4 Nxd3 17. Qxd3 g6 18. g4 d4 19. exd4 Bd5+ 20. Kg1 b5 21. f5 Bc4 22. Qe4 Bxf1 23. Rxf1 g5 24. Rd1 b4 25. Ne2 Qd5 26. Qe3 c5 27. Ng3 Rad8 28. Ne4 cxd4 29. Qd3 Rc8 30. e6 f6 31. Bd6 Kg7 32. Bxe7 Rxe7 33. Qxd4 Qxd4+ 34. Rxd4 a5 35. Kf2 Rc2+ 36. Kf3 Rcc7 37. Ng3 Re8 38. Nh5+ Kf8 39. Nxf6 Rec8 40. Nd5 Rc1 41. f6 Re1 42. Re4 Rxe4 43. Kxe4 Rc1 44. Kf5 Re1 45. Nc7 a4 46. e7+ Rxe7 47. fxe7+ Kxe7 48. Nd5+ Kd6 49. Nxb4 1-0

[Event "Titled Tuesday intern op 11th Mar Late"]
[Site "Chess.com INT"]
[Date "2025.03.11"]
[Round "1"]
[White "Di Benedetto, Edoardo"]
[Black "Mendes Domingues, Ribeiro Matheus"]
[Result "1-0"]
[WhiteElo "2415"]
[BlackElo "2273"]
[PlyCount "151"]
[EventDate "2025.03.11"]
[EventType "swiss (blitz)"]
[EventRounds "11"]
[EventCountry "USA"]
[SourceTitle "CB12_2025"]
[SourceDate "2025.03.19"]
[SourceVersion "1"]
[SourceVersionDate "2025.03.19"]
[SourceQuality "1"]

1. d4 d5 2. c4 e6 3. Nc3 c5 4. cxd5 exd5 5. Nf3 Nc6 6. g3 Nf6 7. Bg2 cxd4 8. Nxd4 Bc5 9. Nxc6 bxc6 10. 0-0 0-0 11. Na4 Bb6 12. b3 Re8 13. e3 Ne4 14. Bb2 Qe7 15. Qc2 Bd7 16. Rad1 Rac8 17. Nc3 Bf5 18. Nxe4 Bxe4 19. Qe2 Bxg2 20. Kxg2 Qe4+ 21. Qf3 Qc2 22. Bd4 Qxa2 23. b4 Re4 24. Qf5 Rce8 25. Bxb6 axb6 26. Kg1 Qa7 27. b5 cxb5 28. Rxd5 Qe7 29. Rxb5 Re6 30. Rfb1 Qd8 31. Qc2 g6 32. Qb2 h5 33. h4 Rd6 34. Rxb6 Rxb6 35. Qxb6 Qxb6 36. Rxb6 Kg7 37. Kg2 Re7 38. Kf3 Re8 39. e4 Re7 40. Kf4 Rc7 41. f3 Re7 42. g4 hxg4 43. Kxg4 Ra7 44. h5 gxh5+ 45. Kxh5 Ra1 46. Kg5 Ra5+ 47. Kf4 Ra1 48. Kf5 Rf1 49. f4 Ra1 50. e5 Rh1 51. Rb7 Rh6 52. Kg5 Re6 53. Rd7 Rg6+ 54. Kf5 Re6 55. Ke4 Ra6 56. f5 Ra4+ 57. Kf3 Kf8 58. f6 Kg8 59. Re7 Rb4 60. Ke3 Ra4 61. Rd7 Rb4 62. Rd4 Rb5 63. Ke4 Kh7 64. Kf5 Rb1 65. Rg4 Rf1+ 66. Ke4 Ra1 67. Rg7+ Kh6 68. Rxf7 Ra4+ 69. Kf5 Ra5 70. Rf8 Kh7 71. Rb8 Ra7 72. e6 Rc7 73. e7 Rc5+ 74. Ke6 Rh5 75. Rh8+ Kg6 76. Rxh5 1-0

[Event "Titled Tuesday intern op 11th Mar Late"]
[Site "Chess.com INT"]
[Date "2025.03.11"]
[Round "3"]
[White "Maghsoodloo, Parham"]
[Black "Di Benedetto, Edoardo"]
[Result "1-0"]
[WhiteElo "2677"]
[BlackElo "2415"]
[PlyCount "73"]
[EventDate "2025.03.11"]
[EventType "swiss (blitz)"]
[EventRounds "11"]
[EventCountry "USA"]
[SourceTitle "CB12_2025"]
[SourceDate "2025.03.19"]
[SourceVersion "1"]
[SourceVersionDate "2025.03.19"]
[SourceQuality "1"]

1. c4 e6 2. Nc3 d5 3. d4 Nf6 4. cxd5 exd5 5. Bg5 Be7 6. e3 h6 7. Bh4 Bg4 8. Qc2 0-0 9. Nf3 Bxf3 10. gxf3 c6 11. Bd3 Kh8 12. 0-0 Nbd7 13. Ne2 Nh5 14. Bg3 Nxg3 15. hxg3 Nf6 16. Kg2 Rc8 17. Rad1 c5 18. dxc5 Bxc5 19. Qb1 Qe7 20. Rh1 Rfd8 21. g4 Ng8 22. Ng3 Qg5 23. Rh5 Qf6 24. g5 Qb6 25. Rdh1 Rc6 26. f4 Bxe3 27. fxe3 Qxe3 28. Rf1 Re8 29. Qd1 Rb6 30. Rf2 Qd4 31. Bc2 Qxb2 32. Ba4 Re3 33. Rxb2 Rxb2+ 34. Kh3 Ne7 35. gxh6 g6 36. Re5 Nf5 37. Rxe3 1-0

[Event "Trieste Piccola Fenice 2nd"]
[Site "Trieste"]
[Date "2025.03.03"]
[Round "7"]
[White "Akhvlediani, Irakli"]
[Black "Di Benedetto, Edoardo"]
[Result "1/2-1/2"]
[WhiteElo "2369"]
[BlackElo "2412"]
[PlyCount "140"]
[EventDate "2025.02.27"]
[EventType "swiss"]
[EventRounds "9"]
[EventCountry "ITA"]
[SourceTitle "CB10_2025"]
[SourceDate "2025.03.05"]
[SourceVersion "1"]
[SourceVersionDate "2025.03.05"]
[SourceQuality "1"]

1. d4 d5 2. Bf4 Nf6 3. e3 e6 4. Nf3 Be7 5. Nbd2 0-0 6. Bd3 b6 7. Ne5 Bb7 8. Qf3 Nbd7 9. c3 Nxe5 10. Bxe5 Bd6 11. Qh3 h6 12. f4 Ne4 13. Qg4 Bxe5 14. fxe5 Nxd2 15. Kxd2 Qc8 16. Rhf1 Ba6 17. Bxa6 Qxa6 18. Rf3 Kh7 19. Qh5 c5 20. g4 Qb5 21. Rb1 Qe8 22. Rbf1 Kg8 23. Kc1 f6 24. Qxe8 Raxe8 25. exf6 gxf6 26. Rxf6 Rxf6 27. Rxf6 Kg7 28. Rf3 e5 29. dxe5 Rxe5 30. Kd2 h5 31. h3 hxg4 32. hxg4 Re4 33. Rf4 Kg6 34. Kd3 Re7 35. Rf5 Rd7 36. b3 Rd8 37. a4 Rd7 38. b4 Rd8 39. a5 Rd6 40. bxc5 bxc5 41. c4 dxc4+ 42. Kxc4 Re6 43. Kd3 c4+ 44. Kd4 Rc6 45. Kc3 Re6 46. Kd4 Rc6 47. Kc3 Re6 48. Kxc4 Rxe3 49. Rf4 Re5 50. Kb4 Rg5 51. a6 Kg7 52. Ka4 Kg6 53. Kb4 Kg7 54. Rc4 Kf6 55. Rc7 Rxg4+ 56. Kb5 Rg1 57. Rxa7 Rb1+ 58. Kc6 Rc1+ 59. Kd7 Rd1+ 60. Ke8 Re1+ 61. Kf8 Rh1 62. Rf7+ Ke6 63. Ke8 Rh8+ 64. Rf8 Rh7 65. Rg8 Ra7 66. Rg6+ Kd5 67. Kd8 Kc5 68. Kc8 Kb5 69. Kb8 Rxa6 70. Rxa6 Kxa6 1/2-1/2

[Event "Trieste Piccola Fenice 2nd"]
[Site "Trieste"]
[Date "2025.03.01"]
[Round "4"]
[White "Di Benedetto, Edoardo"]
[Black "Perossa, Nicolas"]
[Result "1/2-1/2"]
[WhiteElo "2412"]
[BlackElo "2243"]
[PlyCount "61"]
[EventDate "2025.02.27"]
[EventType "swiss"]
[EventRounds "9"]
[EventCountry "ITA"]
[SourceTitle "CB10_2025"]
[SourceDate "2025.03.05"]
[SourceVersion "1"]
[SourceVersionDate "2025.03.05"]
[SourceQuality "1"]

1. Nf3 d5 2. e3 Nf6 3. c4 e6 4. b3 b6 5. cxd5 exd5 6. Bb2 Bb7 7. Be2 Bd6 8. 0-0 0-0 9. Nc3 a6 10. Rc1 Re8 11. h3 Nbd7 12. Qc2 Rc8 13. d4 b5 14. Ne1 c5 15. dxc5 Nxc5 16. Qd1 b4 17. Nb1 Nfe4 18. Nf3 Ne6 19. Rxc8 Qxc8 20. Qc1 Qb8 21. Bd3 Rc8 22. Qd1 N6c5 23. Qe2 Be7 24. Be5 Bd6 25. Bb2 Be7 26. Rd1 Nxd3 27. Qxd3 Qc7 28. Nbd2 Qc2 29. Nxe4 Qxb2 30. Ng3 Qxa2 31. Nf5 1/2-1/2

[Event "Titled Tuesday intern op 07th Jan Early"]
[Site "Chess.com INT"]
[Date "2025.01.07"]
[Round "11"]
[White "Bobkov, Vadim"]
[Black "Di Benedetto, Edoardo"]
[Result "1-0"]
[WhiteElo "2204"]
[BlackElo "2411"]
[PlyCount "111"]
[EventDate "2025.01.07"]
[EventType "swiss (blitz)"]
[EventRounds "11"]
[EventCountry "USA"]
[SourceTitle "CB03_2025"]
[SourceDate "2025.01.15"]
[SourceVersion "1"]
[SourceVersionDate "2025.01.15"]
[SourceQuality "1"]

1. d4 d5 2. c4 e6 3. Nc3 Nf6 4. cxd5 exd5 5. Bg5 Be7 6. e3 h6 7. Bh4 Bg4 8. Qb3 Nbd7 9. Bd3 0-0 10. h3 Be6 11. Qxb7 Rb8 12. Qxa7 Rxb2 13. Nge2 c5 14. 0-0 c4 15. Rfb1 cxd3 16. Rxb2 dxe2 17. Nxe2 Qc8 18. a4 Qc6 19. Rc1 Qa8 20. Qxa8 Rxa8 21. Ra1 Bd8 22. Rb5 Ra5 23. Rxa5 Bxa5 24. Rb1 Ne8 25. Rb5 Bc7 26. Bg3 Bxg3 27. Nxg3 Nd6 28. Rb4 Nc4 29. Ne2 Kf8 30. Nf4 Ke7 31. e4 Kd6 32. h4 g5 33. e5+ Kc6 34. Nxe6 fxe6 35. h5 Ndb6 36. g4 Nd7 37. Kg2 Na5 38. Kg3 Nf8 39. f4 gxf4+ 40. Kxf4 Nh7 41. Rb8 Ng5 42. Rh8 Nh3+ 43. Kg3 Ng1 44. Rxh6 Ne2+ 45. Kf2 Nxd4 46. Rh8 Kd7 47. h6 Nac6 48. h7 Nxe5 49. Rd8+ Kxd8 50. h8Q+ Kd7 51. Qxe5 Nc6 52. Qg7+ Kd6 53. g5 d4 54. g6 Kd5 55. Qd7+ Kc5 56. g7 1-0

[Event "Titled Tuesday intern op 07th Jan Early"]
[Site "Chess.com INT"]
[Date "2025.01.07"]
[Round "9"]
[White "Durarbayli, Vasif"]
[Black "Di Benedetto, Edoardo"]
[Result "1-0"]
[WhiteElo "2614"]
[BlackElo "2411"]
[PlyCount "71"]
[EventDate "2025.01.07"]
[EventType "swiss (blitz)"]
[EventRounds "11"]
[EventCountry "USA"]
[SourceTitle "CB03_2025"]
[SourceDate "2025.01.15"]
[SourceVersion "1"]
[SourceVersionDate "2025.01.15"]
[SourceQuality "1"]

1. e4 e6 2. d4 d5 3. exd5 exd5 4. h3 Nf6 5. Nf3 h6 6. c4 Bb4+ 7. Nc3 0-0 8. Bd3 dxc4 9. Bxc4 Bf5 10. 0-0 Nc6 11. Re1 Bd6 12. a3 Qd7 13. d5 Ne7 14. Qd4 Nh7 15. Ne5 Bxe5 16. Qxe5 Ng6 17. Qg3 Rae8 18. Be3 a6 19. Bc5 Rxe1+ 20. Rxe1 Rd8 21. Bb3 Nf6 22. Bd4 Re8 23. Rxe8+ Nxe8 24. Ba4 b5 25. Bd1 Nd6 26. h4 Ne4 27. Nxe4 Bxe4 28. h5 Qxd5 29. hxg6 Qxd4 30. Bb3 Bd5 31. Qxc7 fxg6 32. Qd8+ Kh7 33. Qxd5 Qxd5 34. Bxd5 g5 35. b4 Kg6 36. Bb7 1-0

[Event "Palmanova op 13th"]
[Site "Palmanova"]
[Date "2025.01.03"]
[Round "8"]
[White "Di Benedetto, Edoardo"]
[Black "Bettalli, Francesco"]
[Result "0-1"]
[WhiteElo "2411"]
[BlackElo "2359"]
[PlyCount "78"]
[EventDate "2024.12.27"]
[EventType "swiss"]
[EventRounds "9"]
[EventCountry "ITA"]
[SourceTitle "CB02_2025"]
[SourceDate "2025.01.08"]
[SourceVersion "1"]
[SourceVersionDate "2025.01.08"]
[SourceQuality "1"]

1. Nf3 g6 2. d4 Nf6 3. g3 Bg7 4. Bg2 0-0 5. 0-0 d5 6. c4 c6 7. cxd5 cxd5 8. Nc3 Ne4 9. Ne5 Nxc3 10. bxc3 Qa5 11. Qb3 Nc6 12. Bxd5 Nxe5 13. dxe5 Bh3 14. Rd1 e6 15. Bf3 Bxe5 16. Bh6 Rfd8 17. Qxb7 Rab8 18. Qe7 Bxc3 19. Rac1 Rxd1+ 20. Rxd1 Bd2 21. e3 Bf5 22. Kg2 Bd3 23. Bf4 Rc8 24. Qb7 Ba6 25. Qd7 Bc3 26. Bb7 Bxb7+ 27. Qxb7 Rf8 28. Rd7 Qf5 29. e4 Qf6 30. Qxa7 g5 31. Bc1 g4 32. Qe3 Ra8 33. Qe2 h5 34. Bf4 e5 35. Be3 Ra4 36. Bd2 Rxa2 37. Kf1 Bd4 38. Rc7 Bxf2 39. Bg5 Ra1+ 0-1

[Event "Palmanova op 13th"]
[Site "Palmanova"]
[Date "2024.12.30"]
[Round "5"]
[White "Lumachi, Gabriele"]
[Black "Di Benedetto, Edoardo"]
[Result "1/2-1/2"]
[WhiteElo "2438"]
[BlackElo "2411"]
[PlyCount "78"]
[EventDate "2024.12.27"]
[EventType "swiss"]
[EventRounds "9"]
[EventCountry "ITA"]
[SourceTitle "CB02_2025"]
[SourceDate "2025.01.08"]
[SourceVersion "1"]
[SourceVersionDate "2025.01.08"]
[SourceQuality "1"]

1. e4 c5 2. Nf3 Nc6 3. d4 cxd4 4. Nxd4 e5 5. Nb5 d6 6. N1c3 Nf6 7. Bg5 a6 8. Na3 b5 9. Nab1 Be7 10. Bxf6 Bxf6 11. a4 b4 12. Nd5 0-0 13. Bc4 Bg5 14. 0-0 Kh8 15. c3 bxc3 16. Nbxc3 f5 17. exf5 Bxf5 18. Bd3 Be6 19. b4 Rb8 20. Rb1 Ne7 21. Bxa6 Nxd5 22. Nxd5 Bxd5 23. Qxd5 Rf4 24. a5 Qf6 25. Bb7 Rf8 26. Qa2 Rd4 27. Rb2 e4 28. a6 Qe7 29. Re2 e3 30. Bf3 Qa7 31. Qa5 exf2+ 32. Kh1 Bd8 33. Qb5 Bb6 34. Rexf2 Rxb4 35. Qxb4 Bxf2 36. Qxd6 Bc5 37. Qc6 Rf6 38. Re1 Bf8 39. Qe8 Qxa6 1/2-1/2

[Event "Palmanova op 13th"]
[Site "Palmanova"]
[Date "2024.12.29"]
[Round "3"]
[White "Casadio, Niccolo"]
[Black "Di Benedetto, Edoardo"]
[Result "0-1"]
[WhiteElo "2275"]
[BlackElo "2411"]
[PlyCount "158"]
[EventDate "2024.12.27"]
[EventType "swiss"]
[EventRounds "9"]
[EventCountry "ITA"]
[SourceTitle "CB02_2025"]
[SourceDate "2025.01.08"]
[SourceVersion "1"]
[SourceVersionDate "2025.01.08"]
[SourceQuality "1"]

1. c4 e5 2. g3 Nf6 3. Bg2 Nc6 4. Nc3 Bb4 5. Nd5 Bc5 6. e3 0-0 7. a3 Nxd5 8. Bxd5 a5 9. Ne2 d6 10. Bg2 Bb6 11. 0-0 Ne7 12. d4 c6 13. b3 Bg4 14. Bb2 exd4 15. exd4 d5 16. c5 Bc7 17. Qd2 Qd7 18. Rfe1 Ng6 19. Nc1 h5 20. Nd3 f6 21. a4 h4 22. Re3 Rfe8 23. Rae1 Rxe3 24. Qxe3 Bh3 25. Bc3 Bxg2 26. Kxg2 Qf5 27. f3 Kf7 28. Nf2 Rh8 29. Qd3 Qxd3 30. Nxd3 hxg3 31. hxg3 Ne7 32. f4 Nf5 33. Rb1 g5 34. b4 axb4 35. Rxb4 Rb8 36. Rb1 gxf4 37. Nxf4 Ke7 38. Kf3 Kd7 39. Rh1 Re8 40. Rh7+ Kc8 41. Kg4 Bxf4 42. Kxf4 Nxg3 43. Kxg3 Re3+ 44. Kf4 Rxc3 45. Kf5 Kb8 46. Ke6 Rd3 47. Rh4 Re3+ 48. Kxf6 Ka7 49. Kf5 Re7 50. Rg4 Ka6 51. Rg8 Ka5 52. Ra8+ Kb4 53. Ra7 Kc4 54. a5 Kxd4 55. a6 Re5+ 56. Kf6 bxa6 57. Rxa6 Rh5 58. Kg6 Rh1 59. Rxc6 Rc1 60. Kf5 Rxc5 61. Ra6 Kd3 62. Kf4 Rc4+ 63. Kf3 d4 64. Ra3+ Kd2 65. Kf2 d3 66. Ra2+ Rc2 67. Ra1 Rc7 68. Ra2+ Kc1 69. Ra1+ Kb2 70. Ra8 Re7 71. Rd8 Kc2 72. Rc8+ Kd1 73. Rd8 d2 74. Rc8 Rf7+ 75. Kg2 Rf5 76. Rc7 Ke2 77. Re7+ Kd3 78. Rd7+ Ke3 79. Kg3 Rg5+ 0-1

[Event "Palmanova op 13th"]
[Site "Palmanova"]
[Date "2024.12.27"]
[Round "1"]
[White "Hofstadler, Mario"]
[Black "Di Benedetto, Edoardo"]
[Result "1/2-1/2"]
[WhiteElo "2203"]
[BlackElo "2411"]
[PlyCount "146"]
[EventDate "2024.12.27"]
[EventType "swiss"]
[EventRounds "9"]
[EventCountry "ITA"]
[SourceTitle "CB02_2025"]
[SourceDate "2025.01.08"]
[SourceVersion "1"]
[SourceVersionDate "2025.01.08"]
[SourceQuality "1"]

1. d4 d5 2. Nf3 Nf6 3. c4 e6 4. g3 dxc4 5. Bg2 a6 6. 0-0 Nc6 7. e3 Rb8 8. Nfd2 e5 9. Nxc4 exd4 10. Bxc6+ bxc6 11. Qxd4 Qxd4 12. exd4 Be6 13. b3 c5 14. dxc5 Bxc4 15. bxc4 Bxc5 16. Be3 Bxe3 17. fxe3 0-0 18. Nc3 Rfe8 19. Nd5 Nxd5 20. cxd5 Rxe3 21. Rac1 Re7 22. Rc6 Rd7 23. Rxa6 Rxd5 24. Rc6 Rb7 25. Rfc1 h5 26. a4 Rd2 27. R1c2 Rxc2 28. Rxc2 Ra7 29. Rc5 Rxa4 30. Rxc7 Ra2 31. Rc5 g6 32. Rb5 Kg7 33. Rc5 Kf6 34. h4 Ke6 35. Rb5 f6 36. Rc5 Rd2 37. Rb5 Rd5 38. Rb4 Kf5 39. Kf2 Ke5 40. Kf3 Rd3+ 41. Kf2 Rd4 42. Rb6 Rc4 43. Ra6 Rc5 44. Ra4 g5 45. hxg5 fxg5 46. Rb4 Rc2+ 47. Kf3 g4+ 48. Ke3 Rc3+ 49. Kf2 Rf3+ 50. Kg2 Rd3 51. Rb5+ Rd5 52. Rb4 Kd6 53. Ra4 Rd2+ 54. Kg1 Ke5 55. Ra5+ Ke4 56. Rxh5 Kf3 57. Rf5+ Kxg3 58. Rf1 Rg2+ 59. Kh1 Rb2 60. Kg1 Ra2 61. Rb1 Rg2+ 62. Kh1 Re2 63. Kg1 Kh3 64. Rb3+ g3 65. Rb1 Ra2 66. Rc1 Ra3 67. Rb1 g2 68. Rc1 Rf3 69. Rb1 Kg3 70. Rb3 Kg4 71. Rb2 Kh3 72. Rxg2 Rg3 73. Rxg3+ Kxg3 1/2-1/2

[Event "Montesilvano Adriatico op 29th"]
[Site "Montesilvano"]
[Date "2024.12.22"]
[Round "4"]
[White "Di Benedetto, Edoardo"]
[Black "Beliman, Alexandro"]
[Result "1-0"]
[WhiteElo "2411"]
[BlackElo "2202"]
[PlyCount "93"]
[EventDate "2024.12.20"]
[EventType "swiss"]
[EventRounds "5"]
[EventCountry "ITA"]
[SourceTitle "CB52_2024"]
[SourceDate "2024.12.25"]
[SourceVersion "1"]
[SourceVersionDate "2024.12.25"]
[SourceQuality "1"]

1. Nf3 c5 2. e3 Nf6 3. b3 g6 4. Bb2 Bg7 5. Be2 Nc6 6. 0-0 0-0 7. c4 d5 8. Ne5 Nxe5 9. Bxe5 Bf5 10. Nc3 d4 11. exd4 cxd4 12. Na4 Nd7 13. Bxg7 Kxg7 14. d3 b6 15. b4 h5 16. Bf3 Rc8 17. Re1 e6 18. Qd2 Qc7 19. h3 Nf6 20. c5 b5 21. Nb2 a5 22. a3 a4 23. Rac1 h4 24. Qg5 Rh8 25. c6 Ne8 26. Rc5 f6 27. Qd2 Nd6 28. Be4 Bxe4 29. dxe4 e5 30. f4 Qe7 31. Qe2 Rc7 32. fxe5 fxe5 33. Rec1 Rh5 34. Nd3 Rg5 35. Rd5 Nc4 36. Nc5 Nb6 37. Na6 Nxd5 38. exd5 Rc8 39. Nc5 Rf5 40. Qxb5 Kh6 41. Ne4 Qf8 42. d6 Rf7 43. Qxe5 Re8 44. Qg5+ Kg7 45. d7 Ra8 46. Qe5+ Kh6 47. Qxd4 1-0

[Event "Budapest FS09 GM"]
[Site "Budapest"]
[Date "2024.09.12"]
[Round "6"]
[White "Di Benedetto, Edoardo"]
[Black "Citak, Selim"]
[Result "1/2-1/2"]
[WhiteElo "2401"]
[BlackElo "2416"]
[PlyCount "113"]
[EventDate "2024.09.07"]
[EventType "tourn"]
[EventRounds "9"]
[EventCountry "HUN"]
[EventCategory "6"]
[SourceTitle "EXT 2025"]
[Source "ChessBase"]
[SourceDate "2024.10.14"]
[SourceVersion "1"]
[SourceVersionDate "2024.10.14"]
[SourceQuality "1"]

1. d4 d5 2. c4 e6 3. Nf3 Nf6 4. g3 dxc4 5. Bg2 Nbd7 6. 0-0 c6 7. a4 a5 8. Qc2 b5 9. Ne5 Nxe5 10. dxe5 Nd5 11. axb5 cxb5 12. Nc3 Qb6 13. Nxd5 exd5 14. Bxd5 Ra7 15. Qe4 Bc5 16. Bc6+ Bd7 17. Bxd7+ Rxd7 18. Qa8+ Rd8 19. Qxa5 Qb7 20. Qa6 Qxa6 21. Rxa6 h6 22. e6 fxe6 23. Ra5 0-0 24. Bf4 g5 25. Rxb5 Rf5 26. Be3 Bxe3 27. Rxf5 exf5 28. fxe3 Rd2 29. Rxf5 Rxe2 30. Rc5 Rxb2 31. Rxc4 Rb1+ 32. Kg2 Rb2+ 33. Kh3 Re2 34. Re4 h5 35. g4 hxg4+ 36. Kxg4 Rxh2 37. Kxg5 Kf7 38. Re5 Rh1 39. Kf5 Rh5+ 40. Ke4 Rh4+ 41. Kd5 Ra4 42. Rf5+ Ke7 43. Rf1 Ra5+ 44. Ke4 Ke6 45. Rb1 Ra4+ 46. Kf3 Ke5 47. Rb5+ Ke6 48. Rg5 Rb4 49. Rg8 Ke5 50. Re8+ Kf6 51. Ke2 Kf7 52. Ra8 Ke6 53. Kd3 Rh4 54. Re8+ Kd6 55. Re4 Rxe4 56. Kxe4 Ke6 57. Kd4 1/2-1/2

[Event "Budapest FS09 GM"]
[Site "Budapest"]
[Date "2024.09.10"]
[Round "4"]
[White "Neverov, Valeriy"]
[Black "Di Benedetto, Edoardo"]
[Result "1/2-1/2"]
[WhiteElo "2412"]
[BlackElo "2401"]
[PlyCount "72"]
[EventDate "2024.09.07"]
[EventType "tourn"]
[EventRounds "9"]
[EventCountry "HUN"]
[EventCategory "6"]
[SourceTitle "EXT 2025"]
[Source "ChessBase"]
[SourceDate "2024.10.14"]
[SourceVersion "1"]
[SourceVersionDate "2024.10.14"]
[SourceQuality "1"]

1. d4 d5 2. c4 e6 3. Nf3 Nf6 4. Nc3 Be7 5. Bg5 0-0 6. Qc2 h6 7. Bh4 Ne4 8. Bxe7 Qxe7 9. g3 Nxc3 10. Qxc3 c6 11. Bg2 dxc4 12. Qxc4 Nd7 13. Qc3 Re8 14. Rd1 Kf8 15. Ne5 Nxe5 16. dxe5 Rd8 17. Rxd8+ Qxd8 18. 0-0 Kg8 19. Be4 Bd7 20. Rd1 Qc7 21. Bc2 Be8 22. Rd6 g6 23. Qd2 h5 24. h4 Qe7 25. Be4 Rc8 26. b4 b6 27. a4 c5 28. b5 Kg7 29. Kg2 Kh7 30. f3 c4 31. Bc6 Bxc6 32. bxc6 Qe8 33. Qf4 Rxc6 34. Rxc6 Qxc6 35. Qxf7+ Kh6 36. Qf8+ Kh7 1/2-1/2

[Event "Budapest FS09 GM"]
[Site "Budapest"]
[Date "2024.09.09"]
[Round "3"]
[White "Di Benedetto, Edoardo"]
[Black "Dobrikov, Marco"]
[Result "1-0"]
[WhiteElo "2401"]
[BlackElo "2369"]
[PlyCount "113"]
[EventDate "2024.09.07"]
[EventType "tourn"]
[EventRounds "9"]
[EventCountry "HUN"]
[EventCategory "6"]
[SourceTitle "EXT 2025"]
[Source "ChessBase"]
[SourceDate "2024.10.14"]
[SourceVersion "1"]
[SourceVersionDate "2024.10.14"]
[SourceQuality "1"]

1. d4 Nf6 2. c4 c6 3. Nc3 d5 4. Nf3 e6 5. e3 Nbd7 6. Bd3 dxc4 7. Bxc4 b5 8. Bd3 Bd6 9. e4 e5 10. Bg5 h6 11. Bxf6 Qxf6 12. d5 Bb4 13. Rc1 cxd5 14. exd5 a6 15. 0-0 0-0 16. Ne4 Qe7 17. d6 Qe6 18. a3 Ba5 19. b4 Bb6 20. Nc5 Qf6 21. Bb1 Rd8 22. Qd5 Ra7 23. Rfd1 g6 24. h3 Kg7 25. Be4 Re8 26. Qd2 Rd8 27. Qc3 Kg8 28. Bc6 Nb8 29. Qxe5 Qxe5 30. Nxe5 f6 31. Bd5+ Kg7 32. Nc6 Nxc6 33. Bxc6 Bxc5 34. bxc5 Be6 35. Bf3 Rad7 36. Rd4 Bb3 37. c6 Rxd6 38. Rxd6 Rxd6 39. c7 Be6 40. c8Q Bxc8 41. Rxc8 Rd3 42. Rc7+ Kf8 43. a4 bxa4 44. Rc6 Ke7 45. Rxa6 a3 46. Kf1 f5 47. Ke2 Rb3 48. Bd5 Rb5 49. Bc4 Rb4 50. Kd3 Rb2 51. Ke3 Rb4 52. Bd5 Rb5 53. Kd4 Rb2 54. Rxa3 Rxf2 55. Ra6 Rd2+ 56. Kc4 g5 57. Rxh6 1-0

[Event "Budapest FS09 GM"]
[Site "Budapest"]
[Date "2024.09.08"]
[Round "2"]
[White "Sai, Krishna GV"]
[Black "Di Benedetto, Edoardo"]
[Result "1/2-1/2"]
[WhiteElo "2402"]
[BlackElo "2401"]
[PlyCount "139"]
[EventDate "2024.09.07"]
[EventType "tourn"]
[EventRounds "9"]
[EventCountry "HUN"]
[EventCategory "6"]
[SourceTitle "EXT 2025"]
[Source "ChessBase"]
[SourceDate "2024.10.14"]
[SourceVersion "1"]
[SourceVersionDate "2024.10.14"]
[SourceQuality "1"]

1. e4 e6 2. d4 d5 3. Nc3 Nf6 4. e5 Nfd7 5. f4 c5 6. Nf3 Nc6 7. Be3 a6 8. Qd2 b5 9. a3 Bb7 10. Qf2 Qa5 11. Ra2 b4 12. axb4 Qxb4 13. Bd2 Nxd4 14. Nxd4 Qxd4 15. Qe2 Nb6 16. Nb5 axb5 17. Qxb5+ Nd7 18. Qxb7 Rd8 19. Bb5 Be7 20. Ra4 c4 21. Bxd7+ Rxd7 22. Qb5 Bd8 23. Ra6 Qe4+ 24. Kd1 Qxg2 25. Re1 d4 26. Rd6 Qb7 27. Qa4 c3 28. bxc3 dxc3 29. Bxc3 Qa7 30. Re4 Be7 31. Rxd7 Qxd7+ 32. Bd2 Qxa4 33. Rxa4 0-0 34. Be3 Rc8 35. c4 f6 36. exf6 gxf6 37. Kd2 Kf7 38. Kd3 Bc5 39. Bxc5 Rxc5 40. Kd4 Rf5 41. Ke4 Rh5 42. Ra7+ Ke8 43. Kd4 Kd8 44. Rf7 Ke8 45. Rg7 h6 46. c5 Rxh2 47. c6 Kd8 48. Kc5 e5 49. f5 e4 50. Rd7+ Kc8 51. Re7 h5 52. Kd6 Rd2+ 53. Ke6 h4 54. Kxf6 h3 55. Rxe4 h2 56. Rh4 Kc7 57. Ke7 Re2+ 58. Kf7 Kxc6 59. f6 Kd7 60. Kf8 Ke6 61. f7 Rf2 62. Rh6+ Rf6 63. Rxf6+ Kxf6 64. Ke8 h1Q 65. f8Q+ Ke5 66. Qe7+ Kd4 67. Qd6+ Kc4 68. Qe6+ Qd5 69. Ke7 Qxe6+ 70. Kxe6 1/2-1/2

[Event "Budapest FS09 GM"]
[Site "Budapest"]
[Date "2024.09.07"]
[Round "1"]
[White "Di Benedetto, Edoardo"]
[Black "Seres, Lajos"]
[Result "1/2-1/2"]
[WhiteElo "2401"]
[BlackElo "2324"]
[PlyCount "127"]
[EventDate "2024.09.07"]
[EventType "tourn"]
[EventRounds "9"]
[EventCountry "HUN"]
[EventCategory "6"]
[SourceTitle "EXT 2025"]
[Source "ChessBase"]
[SourceDate "2024.10.14"]
[SourceVersion "1"]
[SourceVersionDate "2024.10.14"]
[SourceQuality "1"]

1. d4 d5 2. c4 c6 3. Nc3 Nf6 4. Nf3 a6 5. cxd5 cxd5 6. Bf4 Nc6 7. e3 Bg4 8. Be2 e6 9. 0-0 Bd6 10. Bxd6 Qxd6 11. Na4 Nd7 12. Rc1 0-0 13. Qd2 Rfc8 14. Nc5 Nxc5 15. Rxc5 Bxf3 16. Bxf3 b6 17. Rcc1 Ne7 18. Be2 a5 19. a3 Rxc1 20. Rxc1 Rc8 21. Rxc8+ Nxc8 22. Qc3 Ne7 23. Bb5 g6 24. g3 Kg7 25. h4 h5 26. Kf1 Kh7 27. Ke2 Kg7 28. Kd1 Kg8 29. Kc2 Kg7 30. Kb1 Kg8 31. Bd3 Kg7 32. Qd2 Kg8 33. Qe2 Kg7 34. Qf3 Ng8 35. Qg2 Nf6 36. Bc2 Ng4 37. Qg1 Nh6 38. Bd3 Qc7 39. Qe1 Ng4 40. Qg1 Nh6 41. Be2 Nf5 42. Qe1 Nd6 43. Bd3 Kg8 44. Qe2 Kf8 45. Qd2 Qc6 46. Qc3 Qxc3 47. bxc3 a4 48. f3 f5 49. Kc2 b5 50. Kd2 Kf7 51. Ke2 Kf6 52. Kf2 e5 53. dxe5+ Kxe5 54. Ke2 Nc4 55. Bxc4 dxc4 56. Kd2 Kd5 57. Ke1 Ke5 58. Ke2 Kd5 59. Kd2 Ke5 60. f4+ Ke6 61. Ke2 Kd6 62. Kf3 Kd5 63. Kf2 Ke6 64. Ke2 1/2-1/2